| 000 | 00442nam a2200145 a 4500 | ||
|---|---|---|---|
| 020 | _a2853191109 | ||
| 040 | _cDLC | ||
| 082 | 0 | 0 | _a631 PGE 1983 |
| 100 | 1 | _aDurand, Jacques H. | |
| 245 | 1 | 4 |
_aLes sols irrigables : _bétude pédologique / |
| 260 |
_aParis : _bAgence de coopération culturelle et technique : _bPresses universitaires de France, _cc1983. |
||
| 300 |
_ax, 339 p. : _bill. ; _c21 cm. |
||
| 650 | 0 | _aSoils, Irrigated. | |
| 942 | _cFB | ||
| 999 |
_c11281 _d11281 |
||